000 00654nam a2200205 a 4500
003 OSt
005 20240226151942.0
008 180220t2012 pk | |||| 00| e urd d
020 _a9789693522068
040 _c0
082 _a891.4394
_bTAR 2012
100 1 _aتارڑ،مستنصرحسين
_9121245
245 1 0 _aٓٓٓٓتارڑنامہ۲
_cMustansar Hussain Tarar
246 _aTarar Nama 2
260 _aLahore:
_bSang e Meel Pub;
_c2012.
300 _a352 p.
650 _aUrdu literature
_vEssays
_9121272
942 _2ddc
_cBK
_aSADA
_k891.4394 TAR 2012
999 _c608241
_d608241